[Event "SC-Championship 2019 - Semifinal 9PSRR"]
[Site "SchemingMind.com"]
[Date "2019.01.29"]
[Round "-"]
[White "Ramesh Panwar"]
[Black "davidcook"]
[Result "1-0"]
[WhiteCountry "IND"]
[BlackCountry "ENG"]
[WhiteElo "2570"]
[WhiteRD "67"]
[BlackElo "2374"]
[BlackRD "65"]
[GameID "437780"]

1. e4 e5 2. Nf3 Nc6 3. Bb5 a6 4. Ba4 Nf6 5. O-O Be7 6. Re1 O-O 7. Bxc6 dxc6 8. Nxe5 Re8 9. d3 h6 10. Nd2 Bd6
11. Nef3 Nh7 12. h3 c5 13. b3 Nf8 14. Nc4 Be7 15. Bb2 Ng6 16. Ne3 Bf6 17. Bxf6 Qxf6 18. Kh2 b6 19. Rf1 Bb7 20. Nd2 Nf4
21. g3 Ne6 22. Rc1 Rad8 23. f4 Nd4 24. Qh5 Qe7 25. Rf2 f6 26. f5 Rf8 27. Qg4 Rfe8 28. Nf3 Nxf3+ 29. Qxf3 Bc6 30. Rcf1 a5
31. Ng2 Qe5 32. Nf4 a4 33. h4 axb3 34. axb3 b5 35. g4
1-0

[Event "SC-Championship 2019 - Semifinal 9PSRR"]
[Site "SchemingMind.com"]
[Date "2019.01.31"]
[Round "-"]
[White "George Dimitrov"]
[Black "davidcook"]
[Result "1/2-1/2"]
[WhiteCountry "BUL"]
[BlackCountry "ENG"]
[WhiteElo "2438"]
[WhiteRD "96"]
[BlackElo "2343"]
[BlackRD "65"]
[GameID "437781"]

1. e4 e5 2. Nf3 Nc6 3. Bb5 a6 4. Ba4 Nf6 5. O-O Be7 6. Re1 b5 7. Bb3 O-O 8. c3 d5 9. exd5 Nxd5 10. Nxe5 Nxe5
11. Rxe5 c6 12. d3 Bd6 13. Re1 Bf5 14. Qf3 Qf6 15. Nd2 Qg6 16. Bxd5 cxd5 17. Nf1 Bxd3 18. Qxd5 Rfe8 19. Be3 b4 20. Bc5 bxc3
21. bxc3 Bxf1 22. Rxe8+ Rxe8=
1/2-1/2

[Event "SC-Championship 2019 - Semifinal 9PSRR"]
[Site "SchemingMind.com"]
[Date "2019.02.03"]
[Round "-"]
[White "davidcook"]
[Black "Keithk"]
[Result "1/2-1/2"]
[WhiteCountry "ENG"]
[BlackCountry "ENG"]
[WhiteElo "2323"]
[WhiteRD "74"]
[BlackElo "2556"]
[BlackRD "64"]
[GameID "437782"]

1. e4 c5 2. d4 cxd4 3. c3 dxc3 4. Nxc3 Nc6 5. Nf3 e6 6. Bc4 a6 7. O-O Nge7 8. Bg5 f6 9. Be3 b5 10. Bb3 Bb7
11. a3 Rc8 12. Qe2 Na5 13. Ba2 Nc4 14. Bxc4 bxc4 15. Rfd1 Qc7 16. Rac1 Ng6 17. Rd4 Be7 18. Rcd1 d6 19. Nd2 O-O 20. Rxc4 Qd7
21. Rxc8 Qxc8 22. Nc4 Qc7 23. Qd3 Ne5 24. Nxe5 fxe5 25. Rc1= Qd7 26. Rd1 Rd8 27. Bb6 Rb8 28. Be3 Bc6 29. b4 Bb7 30. Qc2 Rc8
31. Qb3 Kf7 32. f3 Qc6 33. Rc1= Qd7 34. Re1 Bc6 35. Rd1 Bb5 36. Rc1 Bc4 37. Qd1 Rc6 38. Na4 Qc7 39. Nc3 h6 40. h3 Qd7
41. Na4 Qc7 42. Nc3 Kf8 43. Kh2= d5 44. Na4 d4 45. Bd2 Kf7 46. Nb2 Bb5 47. Rxc6 Bxc6 48. Kg1 Bb5 49. Qb3 Kf6 50. Nd3 Bd6
51. Nb2 Be7 52. Nd3 Bd6 53. Nb2 Be8 54. Kf2 Bc6 55. Nd3 Bb5 56. Nb2 Be7 57. Nd3 Qc6 58. Nb2 Qc8 59. Nd3 Qc6 60. Nb2 Qb7
61. Nd3 Bd6 62. Qc2 Qe7 63. Qb3 Qc7 64. Nb2 Bd7 65. Qd3=
1/2-1/2

[Event "SC-Championship 2019 - Semifinal 9PSRR"]
[Site "SchemingMind.com"]
[Date "2019.02.02"]
[Round "-"]
[White "Jari Laine"]
[Black "William Lindberg"]
[Result "1/2-1/2"]
[WhiteCountry "FIN"]
[BlackCountry "USA"]
[WhiteElo "2456"]
[WhiteRD "74"]
[BlackElo "2523"]
[BlackRD "68"]
[GameID "437809"]

1. e4 c5 2. c3 Nf6 3. e5 Nd5 4. d4 cxd4 5. cxd4 e6 6. Nf3 Nc6 7. Bc4 Be7 8. O-O d6 9. Qe2 O-O 10. Nc3 dxe5
11. dxe5 Nxc3 12. bxc3 b6 13. Qe4 Qc7 14. Bd3 g6 15. Bh6 Rd8 16. Rad1 Bb7 17. Qf4 Rd7 18. Be4 Rxd1 19. Rxd1 Rd8 20. Rxd8+ Nxd8
21. Bxb7 Nxb7 22. h4 Nc5 23. c4 Qb8 24. g3 Qc7 25. h5 Nd3 26. Qe4 Qd8 27. hxg6 hxg6 28. Be3 Nc5 29. Qc6 Qd1+ 30. Kg2 Qd8
31. Kh2 Kg7 32. Kg2=
1/2-1/2

[Event "SC-Championship 2019 - Semifinal 9PSRR"]
[Site "SchemingMind.com"]
[Date "2019.01.30"]
[Round "-"]
[White "The Chess Machine"]
[Black "William Lindberg"]
[Result "1/2-1/2"]
[WhiteCountry "ENG"]
[BlackCountry "USA"]
[WhiteElo "2492"]
[WhiteRD "83"]
[BlackElo "2468"]
[BlackRD "69"]
[GameID "437810"]

1. c4 e5 2. g3 Nf6 3. Bg2 c6 4. d4 exd4 5. Qxd4 Na6 6. Nf3 Bc5 7. Qe5+ Be7 8. O-O O-O 9. Nc3 Re8 10. Qd4 h6
11. Rd1 Bc5 12. Qd2 Bb6 13. e3 Nc5 14. Qc2 d5 15. cxd5 cxd5 16. b4 Nce4 17. Nxe4 Nxe4 18. Qb3 Bg4 19. Rxd5 Qe7 20. Nd4 Qf6
21. Bxe4 Rxe4 22. Qd3 Rae8 23. Bb2 Bh3 24. Qd1 Qg6 25. Qf3 f5 26. Re1 f4 27. Qh5 Qxh5 28. Rxh5 Bxd4 29. Bxd4 Rxd4 30. Rxh3 fxe3
31. fxe3 Rxb4 32. Re2 Kh7 33. Rh4 Rxh4 34. gxh4 Re4 35. h5 Rh4 36. e4 Rxh5 37. Kg2 Ra5 38. Kf3 Kg6 39. Ke3 Kf6 40. Rf2+ Ke6
41. h4 g6 42. Kf4 Kf6 43. Rg2 Ra4 44. Rd2 g5+ 45. hxg5+ hxg5+ 46. Ke3 Ra3+ 47. Kd4 b5 48. Rf2+ Ke6 49. Rg2 Kf6 50. Rf2+=
1/2-1/2

[Event "SC-Championship 2019 - Semifinal 9PSRR"]
[Site "SchemingMind.com"]
[Date "2019.01.31"]
[Round "-"]
[White "William Lindberg"]
[Black "Professor"]
[Result "1/2-1/2"]
[WhiteCountry "USA"]
[BlackCountry "USA"]
[WhiteElo "2510"]
[WhiteRD "73"]
[BlackElo "2551"]
[BlackRD "79"]
[GameID "437811"]

1. e4 e5 2. Nf3 Nc6 3. Bc4 Nf6 4. Ng5 d5 5. exd5 Na5 6. Bb5+ c6 7. dxc6 bxc6 8. Bd3 Nd5 9. Nf3 Bd6 10. O-O Nf4
11. Nc3 Nxd3 12. cxd3 O-O 13. Re1 Re8 14. b3 f6 15. h3 Be7 16. Na4 Qxd3 17. Re3 Qd8 18. Qc2 Qd5 19. Bb2 c5 20. Rc1 Nb7
21. Ba3 Be6 22. Rd3 Qc6 23. Rc3 c4 24. Bxe7 Rxe7 25. d4 cxd3 26. Qxd3 Qe8 27. Qa6 Qd8 28. Ne1 Qa5 29. Qxa5 Nxa5 30. Nc5 Bf7
31. Na6 Nb7 32. Rc7 Rae8 33. Nd3 Kf8 34. Rxe7 Rxe7 35. f3 h5 36. Ndb4 Be8 37. Rc7 Rxc7 38. Nxc7 Bd7 39. Nbd5 Kf7 40. Kf2 h4
41. Nc3 Bc6 42. b4 Nd6 43. a4 Ke7 44. Ke2 e4 45. f4 Kd7 46. Na6 Kc8 47. b5 Ba8 48. Nb4 Nf5 49. Ncd5 Kd7 50. Ne3 Nd4+
51. Kd2 Kd6 52. Nbc2 Nxc2 53. Kxc2 Kc5 54. Kc3 g5 55. f5 Bb7 56. Nf1 Bc8 57. g4 hxg3 58. Nxg3 Kd5 59. Nh5 Bxf5 60. Nxf6+ Kc5
61. Ne8 Bxh3 62. a5 Kxb5 63. Nd6+ Kxa5=
1/2-1/2

[Event "SC-Championship 2019 - Semifinal 9PSRR"]
[Site "SchemingMind.com"]
[Date "2019.01.30"]
[Round "-"]
[White "William Lindberg"]
[Black "frankly"]
[Result "1-0"]
[WhiteCountry "USA"]
[BlackCountry "ENG"]
[WhiteElo "2500"]
[WhiteRD "69"]
[BlackElo "2545"]
[BlackRD "65"]
[GameID "437812"]

1. e4 c5 2. Nf3 Nc6 3. Nc3 g6 4. d4 cxd4 5. Nxd4 e5 6. Ndb5 a6 7. Nd6+ Bxd6 8. Qxd6 Qe7 9. Qd1 Qc5 10. Be3 Nd4
11. Qd2 Nf6 12. O-O-O b5 13. Bxd4 exd4 14. Qxd4 Qxd4 15. Rxd4 Bb7 16. Be2 O-O 17. f4 Bc6 18. e5 Nh5 19. Bxh5 gxh5 20. Nd5 Bxd5
21. Rxd5 f6 22. exf6 Rxf6 23. Rf1 Raf8 24. Rxh5 Re8 25. Rd5 Re2 26. Rd2 Re7 27. g3 Kf7 28. Rfd1 Rh6 29. Rf2 Rc6 30. b3 h5
31. Rd5 Rh6 32. Kd2 d6 33. h4 Ke6 34. Rg5 Rc7 35. Re2+ Kd7 36. c3 Rc8 37. Rg7+ Kc6 38. Ree7 b4 39. cxb4 Rb8 40. Rc7+ Kd5
41. Rg5+
1-0

[Event "SC-Championship 2019 - Semifinal 9PSRR"]
[Site "SchemingMind.com"]
[Date "2019.01.30"]
[Round "-"]
[White "davidcook"]
[Black "William Lindberg"]
[Result "1/2-1/2"]
[WhiteCountry "ENG"]
[BlackCountry "USA"]
[WhiteElo "2374"]
[WhiteRD "65"]
[BlackElo "2468"]
[BlackRD "69"]
[GameID "437813"]

1. e4 c5 2. d4 cxd4 3. c3 dxc3 4. Nxc3 Nc6 5. Nf3 d6 6. Bc4 a6 7. O-O Nf6 8. Bf4 h6 9. Rc1 e6 10. h3 Be7
11. Qe2 b5 12. Bb3 Na5 13. Bc2 e5 14. Rfd1 Qc7 15. Bb1 Qb7 16. Nxe5 dxe5 17. Bxe5 O-O 18. Nd5 Nxd5 19. exd5 Bd8 20. Bd6 Qd7
21. Bxf8 Kxf8 22. Qe4 g6 23. Qe5 Kg8 24. Qg3 Kg7 25. b3 Bb7 26. Qc3+ Kg8 27. Qe5 Qe7 28. Qxe7 Bxe7 29. d6 Bg5 30. Rc7 Kf8
31. b4 Bd8 32. bxa5 Bxc7 33. dxc7 Ke7 34. Re1+=
1/2-1/2

[Event "SC-Championship 2019 - Semifinal 9PSRR"]
[Site "SchemingMind.com"]
[Date "2019.01.30"]
[Round "-"]
[White "William Lindberg"]
[Black "Ramesh Panwar"]
[Result "1/2-1/2"]
[WhiteCountry "USA"]
[BlackCountry "IND"]
[WhiteElo "2468"]
[WhiteRD "69"]
[BlackElo "2570"]
[BlackRD "67"]
[GameID "437814"]

1. d4 Nf6 2. Nf3 e6 3. c4 b6 4. g3 Bb7 5. Bg2 Bb4+ 6. Bd2 Bxd2+ 7. Qxd2 O-O 8. O-O d5 9. cxd5 exd5 10. Nc3 Nbd7
11. Rfd1 c6 12. a3 Re8 13. Qc2 h6 14. e3 a5 15. Nd2 Qe7 16. Rac1 Rac8 17. e4 dxe4 18. Ndxe4 Nxe4 19. Nxe4 Nf6 20. Nxf6+ Qxf6
21. Qb3 Re2 22. Bf3 a4 23. Qc3 Re7 24. Re1 c5 25. Rxe7 Qxe7 26. Re1 Qd7 27. d5 Rd8 28. h4 Qf5 29. Be4 Qd7 30. Bg2 Ba6
31. Re4 Bb7 32. Re2 Ba6 33. Re1 Qd6 34. f4 Bb5 35. Kf2 Qg6 36. Be4 Qd6 37. Bf3 Kf8 38. Re3 Qf6 39. Qxf6 gxf6 40. g4 Bc4
41. g5 hxg5 42. fxg5 fxg5 43. hxg5 Bb3 44. Re5 b5 45. Kg3 b4 46. Kf4 Rd7 47. Be4 bxa3 48. bxa3 c4 49. Bf5 Rd8 50. Ke3 c3
51. Kd3 c2 52. Kd2 Bxd5 53. Kxc2 Bb3+ 54. Kc3 Kg7 55. Kb4 Rd4+ 56. Kc5 Rd2=
1/2-1/2

[Event "SC-Championship 2019 - Semifinal 9PSRR"]
[Site "SchemingMind.com"]
[Date "2019.01.31"]
[Round "-"]
[White "William Lindberg"]
[Black "George Dimitrov"]
[Result "1/2-1/2"]
[WhiteCountry "USA"]
[BlackCountry "BUL"]
[WhiteElo "2510"]
[WhiteRD "68"]
[BlackElo "2491"]
[BlackRD "80"]
[GameID "437815"]

1. c4 Nf6 2. d4 g6 3. Nc3 d5 4. cxd5 Nxd5 5. e4 Nxc3 6. bxc3 Bg7 7. Be3 c5 8. Qd2 cxd4 9. cxd4 Nc6 10. Rd1 O-O
11. Nf3 Bg4 12. Be2 Qa5 13. O-O Rac8 14. Qxa5 Nxa5 15. h3 Bxf3 16. Bxf3 Nc4 17. Bc1 Rfd8 18. Bg4 Rc6 19. d5 Ra6 20. Bg5 Kf8
21. Rc1 b5 22. Rc2 Ra4 23. Bd1 h6 24. Bc1 Nd6 25. f3 Rc4 26. Rxc4 Nxc4 27. Be2 Rc8 28. Re1 a6 29. Kf2 Bd4+ 30. Kg3 g5
31. h4 Nd6 32. Bd3 f6 33. hxg5 hxg5 34. Ba3 Be5+ 35. Kg4 Nc4 36. Bc1 Kg7 37. Rh1 Bd6 38. Kf5 Ne5 39. Bb1 Ng6 40. Bb2 Rc4
41. Ke6 Kg8 42. Bc1 Rd4 43. Be3 Ra4 44. Bc1 Kg7 45. Be3 Ra3 46. Bd2 b4 47. Bc1 Ra5 48. Rg1 Nf8+ 49. Kf5 Kf7 50. g3 e6+
51. Kg4 exd5 52. exd5 Ng6 53. Rh1 Ne7 54. Rh7+ Kg8 55. Rh1 Nxd5 56. Bf5 Nc3 57. Rh2 Kf8 58. Rh8+ Kf7 59. Rh7+ Kf8 60. f4 gxf4
61. Rh8+ Kg7 62. Rh7+ Kg8 63. Rd7 fxg3 64. Rxd6 Re5 65. Bf4 g2 66. Bh2 Re1 67. Rxf6 g1=Q+ 68. Bxg1 Rxg1+ 69. Kh5 Kg7 70. Rxa6 Nd5
71. Bc2 Nf6+ 72. Kh4 Rg2=
1/2-1/2

[Event "SC-Championship 2019 - Semifinal 9PSRR"]
[Site "SchemingMind.com"]
[Date "2019.02.04"]
[Round "-"]
[White "Keithk"]
[Black "William Lindberg"]
[Result "1/2-1/2"]
[WhiteCountry "ENG"]
[BlackCountry "USA"]
[WhiteElo "2540"]
[WhiteRD "67"]
[BlackElo "2523"]
[BlackRD "68"]
[GameID "437816"]

1. d4 Nf6 2. c4 e6 3. Nf3 Bb4+ 4. Bd2 Bxd2+ 5. Qxd2 d5 6. g3 O-O 7. Bg2 Nbd7 8. O-O b6 9. Ne5 Bb7 10. Nc3 Qe7
11. Qf4 c6 12. Rfd1 Nxe5 13. dxe5 Nd7 14. Rac1 Rad8 15. Qe3 Rfe8 16. f4 f6 17. cxd5 exd5 18. Nxd5 cxd5 19. Rc7 Ba8 20. Bxd5+ Bxd5
21. Rxd5 Qf7 22. e6 Qxe6 23. Qxe6+ Rxe6 24. Rdxd7 Rxd7 25. Rxd7 Rxe2 26. Rxa7 Rxb2 27. a4 h5 28. Rb7 Ra2=
1/2-1/2